<?xml version="1.0" encoding="UTF-8"?>
<collection xmlns="http://www.loc.gov/MARC21/slim">
 <record>
  <leader>01199nam a22003017a 4500</leader>
  <controlfield tag="001">39569</controlfield>
  <controlfield tag="003">BD-DhAAL</controlfield>
  <controlfield tag="008">220905t2021    SZ      o     000|0|eng|d</controlfield>
  <datafield tag="999" ind1=" " ind2=" ">
   <subfield code="c">44821</subfield>
   <subfield code="d">44821</subfield>
  </datafield>
  <datafield tag="020" ind1=" " ind2=" ">
   <subfield code="a">9783030813765</subfield>
  </datafield>
  <datafield tag="020" ind1=" " ind2=" ">
   <subfield code="a">9783030813772 (eBook)</subfield>
  </datafield>
  <datafield tag="040" ind1=" " ind2=" ">
   <subfield code="a">BD-DhAAL</subfield>
   <subfield code="c">BD-DhAAL</subfield>
  </datafield>
  <datafield tag="082" ind1=" " ind2=" ">
   <subfield code="a">792.01</subfield>
   <subfield code="2">23</subfield>
  </datafield>
  <datafield tag="100" ind1=" " ind2=" ">
   <subfield code="a">McConachie, Bruce A.,</subfield>
   <subfield code="e">author.</subfield>
   <subfield code="9">51263</subfield>
  </datafield>
  <datafield tag="245" ind1=" " ind2=" ">
   <subfield code="a">Drama, politics, and evolution :</subfield>
   <subfield code="b">cliodynamics in play /</subfield>
   <subfield code="c">Bruce McConachie.</subfield>
  </datafield>
  <datafield tag="260" ind1=" " ind2=" ">
   <subfield code="a">Cham, Switzerland :</subfield>
   <subfield code="b">Palgrave Macmillan,</subfield>
   <subfield code="c">2021.</subfield>
  </datafield>
  <datafield tag="300" ind1=" " ind2=" ">
   <subfield code="a">xvii, 295 pages ;</subfield>
   <subfield code="c">22 cm.</subfield>
  </datafield>
  <datafield tag="490" ind1=" " ind2=" ">
   <subfield code="a">Cognitive studies in literature and performance.</subfield>
  </datafield>
  <datafield tag="526" ind1=" " ind2=" ">
   <subfield code="a">ENH</subfield>
  </datafield>
  <datafield tag="541" ind1=" " ind2=" ">
   <subfield code="a">Paragon Enterprises LTD</subfield>
   <subfield code="e">39569</subfield>
  </datafield>
  <datafield tag="650" ind1=" " ind2=" ">
   <subfield code="a">Theater and society.</subfield>
   <subfield code="9">51264</subfield>
  </datafield>
  <datafield tag="650" ind1=" " ind2=" ">
   <subfield code="a">Theater</subfield>
   <subfield code="x">History.</subfield>
   <subfield code="9">51265</subfield>
  </datafield>
  <datafield tag="650" ind1=" " ind2=" ">
   <subfield code="a">Theater</subfield>
   <subfield code="x">Political aspects.</subfield>
   <subfield code="9">51266</subfield>
  </datafield>
  <datafield tag="650" ind1=" " ind2=" ">
   <subfield code="a">Social evolution.</subfield>
   <subfield code="9">51267</subfield>
  </datafield>
  <datafield tag="830" ind1=" " ind2=" ">
   <subfield code="a">Cognitive studies in literature and performance.</subfield>
   <subfield code="9">51268</subfield>
  </datafield>
  <datafield tag="852" ind1=" " ind2=" ">
   <subfield code="a">Ayesha Abed Library</subfield>
   <subfield code="c">General Stacks</subfield>
  </datafield>
  <datafield tag="942" ind1=" " ind2=" ">
   <subfield code="2">ddc</subfield>
   <subfield code="c">BK</subfield>
  </datafield>
  <datafield tag="952" ind1=" " ind2=" ">
   <subfield code="0">0</subfield>
   <subfield code="1">0</subfield>
   <subfield code="2">ddc</subfield>
   <subfield code="4">0</subfield>
   <subfield code="6">792_010000000000000_MCC</subfield>
   <subfield code="7">0</subfield>
   <subfield code="9">71751</subfield>
   <subfield code="a">BRACUL</subfield>
   <subfield code="b">BRACUL</subfield>
   <subfield code="c">GEN</subfield>
   <subfield code="d">2022-08-30</subfield>
   <subfield code="e">Paragon Enterprises LTD</subfield>
   <subfield code="g">9000.00</subfield>
   <subfield code="l">1</subfield>
   <subfield code="m">1</subfield>
   <subfield code="o">792.01 MCC</subfield>
   <subfield code="p">3010039569</subfield>
   <subfield code="r">2023-05-29</subfield>
   <subfield code="s">2022-12-06</subfield>
   <subfield code="t">1</subfield>
   <subfield code="v">9000.00</subfield>
   <subfield code="w">2022-08-30</subfield>
   <subfield code="y">BK</subfield>
  </datafield>
 </record>
</collection>
